Anatomia comparadta degli angeli / (Record no. 61955)

MARC details
000 -LEADER
campo de control de longitud fija 00585nam a2200193 i 4500
001 - NÚMERO DE CONTROL
campo de control 61955
003 - IDENTIFICADOR DE NÚMERO DE CONTROL
campo de control ES-MaACL
005 - FECHA Y HORA DE LA ÚLTIMA TRANSACCIÓN
campo de control 20250930063056.0
007 - CAMPO FIJO DE DESCRIPCIÓN FÍSICA--INFORMACIÓN GENERAL
campo de control de longitud fija t|
008 - DATOS DE LONGITUD FIJA--INFORMACIÓN GENERAL
campo de control de longitud fija 031114s1912 it ||||1| ita d
100 1# - ENTRADA PRINCIPAL--NOMBRE DE PERSONA
Nombre de persona Fechner, Gustav Theodor,
Fechas asociadas al nombre 1801-1887
9 (RLIN) 49050
245 10 - MENCIÓN DEL TÍTULO
Título Anatomia comparadta degli angeli /
Mención de responsabilidad, etc. Gustave Theodor Fechner , traduzione di Guido Libertini.
260 ## - PUBLICACIÓN, DISTRIBUCIÓN, ETC.
Lugar de publicación, distribución, etc. Firenze :
Nombre del editor, distribuidor, etc. [s.n.,
Fecha de publicación, distribución, etc. 1912]
490 1# - MENCIÓN DE SERIE
Mención de serie Prose ;
Designación de volumen o secuencia 6
650 #7 - PUNTO DE ACCESO ADICIONAL DE MATERIA--TÉRMINO DE MATERIA
Término de materia o nombre geográfico como elemento de entrada Ángeles
Fuente del encabezamiento o término embne
9 (RLIN) 9825
830 0# - PUNTO DE ACCESO ADICIONAL DE SERIE-TÍTULO UNIFORME
Título uniforme Prose ;
Designación de volumen o secuencia 6
9 (RLIN) 230619
852 ## - LOCALIZACIÓN
Ubicación ES-MaACL
Número de control de estantería T-1318-F-1
Holdings
Estatus retirado Estado de pérdida Estado de daño No para préstamo Colección Biblioteca de origen Biblioteca actual Ubicación en estantería Fecha de adquisición Fuente de adquisición Total de préstamos Signatura topográfica completa Código de barras Visto por última vez Precio de reemplazo Tipo de ítem Koha
        Colección de folletos Biblioteca del Ateneo de Madrid Biblioteca del Ateneo de Madrid Depósito folletos 17/01/2008     T-1318-F-1 1064958 23/02/2023 23/02/2023 Folleto